Top salaries in the private sector and nationised industries (Record no. 499829)

000 -LEADER
fixed length control field 00430cam a22001097a 4500
008 - FIXED-LENGTH DATA ELEMENTS--GENERAL INFORMATION
fixed length control field 180718b1969 xxu||||| |||| 00| 0 eng d
082 ## - DEWEY DECIMAL CLASSIFICATION NUMBER
Classification number K232x42 Un3/107
245 ## - TITLE STATEMENT
Title Top salaries in the private sector and nationised industries
Statement of responsibility, etc. by National Board for Prices and Incomes, United Kingdom
260 ## - PUBLICATION, DISTRIBUTION, ETC.
Place of publication, distribution, etc. London
Name of publisher, distributor, etc. Her Majesty's Stationery Office
Date of publication, distribution, etc. 1969
300 ## - PHYSICAL DESCRIPTION
Extent 85+p.
700 ## - ADDED ENTRY--PERSONAL NAME
Personal name United Kingdom. National Board for Prices and Incomes
Holdings
Withdrawn status Lost status Damaged status Not for loan Permanent Location Current Location Date acquired Full call number Barcode Date last seen Price effective from Koha item type
        Indian Institute of Public Administration Indian Institute of Public Administration 2018-08-04 K232x42 Un3/107 G9966 2018-08-04 2018-08-04 G

Powered by Koha